Curso de especialización en derechos humanos /
Guardado en:
| Formato: | Libro |
|---|---|
| Idioma: | Undetermined |
| Publicado: |
Buenos Aires :
Ministerio de Defensa,
2007.
|
| Edición: | 1a. ed. |
| Materias: | |
| Etiquetas: |
Agregar Etiqueta
Sin Etiquetas, Sea el primero en etiquetar este registro!
|
| LEADER | 00448nam a22001335a 4500 | ||
|---|---|---|---|
| 001 | DER.der015078 | ||
| 008 | 241210s2007####ag############000#0#und#d | ||
| 005 | 20241210085053.0 | ||
| 245 | 1 | 0 | |a Curso de especialización en derechos humanos / |c Ministerio de defensa de la República Argentina. |
| 250 | |a 1a. ed. | ||
| 260 | |a Buenos Aires : |b Ministerio de Defensa, |c 2007. | ||
| 300 | |a 320 p. | ||
| 650 | 7 | |a DERECHOS HUMANOS | |
| 859 | |a DERECHO |b BIB. DERECHO |h 323 |i CUR |p 0010512 | ||
